[Event "Pobeskydy op"]
[Site "Frydek Mistek"]
[Date "2018.03.31"]
[Round "6"]
[White "Gnojek, Petr"]
[Black "Dlasek, Jan"]
[Result "1-0"]
[WhiteElo "2018"]
[BlackElo "1629"]
[PlyCount "63"]
[EventDate "2018.03.29"]
[EventType "swiss"]
[EventRounds "9"]
[EventCountry "CZE"]
[SourceTitle "CBM 183 Extra"]
[Source "ChessBase"]
[SourceDate "2018.04.19"]
[SourceVersion "1"]
[SourceVersionDate "2018.04.19"]
[SourceQuality "1"]

1. d4 d5 2. Nf3 Nf6 3. c4 e6 4. Nc3 c6 5. Bg5 Bd6 6. e3 Nbd7 7. cxd5 exd5 8. Bd3 h6 9. Bh4 g5 10. Bg3 Qc7 11. 0-0 0-0 12. Ne2 Re8 13. Bxd6 Qxd6 14. Ng3 Nf8 15. Ne5 Kg7 16. Bf5 Ng6 17. Bxc8 Rxe5 18. dxe5 Qxe5 19. Bxb7 Rb8 20. Bxc6 Rxb2 21. Qd4 h5 22. Ba4 h4 23. Qxe5 Nxe5 24. Nf5+ Kg6 25. Nd4 Ne4 26. Bc2 Kf6 27. Bxe4 dxe4 28. f3 exf3 29. Nxf3 Ng4 30. Nxh4+ Ke5 31. Nf5 f6 32. h3 1-0